| 000 | 00818cam a22002651i 4500 | ||
|---|---|---|---|
| 001 | 3897 | ||
| 003 | BD-RjUL | ||
| 005 | 20211208233810.0 | ||
| 008 | 131221s1962 nyu 000 0 eng d | ||
| 035 | _a(BD-RjUL)3931 | ||
| 035 | _a(OCoLC)2068316 | ||
| 040 |
_aDLC _cNBuU _dDLC _dBD-RjUL _beng |
||
| 041 | _aeng | ||
| 082 |
_a320.6 _bAME 1962 |
||
| 245 | 1 | 2 |
_aA documentary history of American economic policy since 1789 / _cWilliam Letwin. |
| 260 |
_aEdinburgh : _buniversity press, _cc1962 |
||
| 300 |
_axxx, 406 p. ; _c21 cm. |
||
| 650 |
_aEconomic policy. _912424 |
||
| 651 | 0 |
_aUnited States _xEconomic policy. _912425 |
|
| 651 | 0 |
_aUnited States _xEconomic conditions. _912426 |
|
| 700 |
_aLetwin, William, _912427 |
||
| 740 | 0 | _aAmerican economic policy since 1789. | |
| 942 |
_2ddc _cBK |
||
| 999 |
_c3897 _d3897 |
||